01197nam a2200241Ia 4500001000900000003001000009008004100019040002500060041001300085100001900098245000800117250001100125260007800136300001200214500018000226501011400406520018000520650004300700942000700743957000600750999004100756952015800797L085-423IT-CnALBA170116s9999||||xx |||||||||||||| ||und|| aIT-CnALBAcIT-CnALBA aITALIANO aORIANI ALFREDO 0aNO  a5a ed. a FIRENZEbCAPELLI EDITORE c1926 [1° Ed.:1881 - Ed.Ling.Originale: 1881] a420 p.  aCURATORE BENITO MUSSOLINI. PREFAZIONE CECCHI EMILIO ROMANZO. SCRITTO GIOVANILE. CARATTERISTICHE: CRISI PESSIMISTICA DELL'A. ROMANTICISMO INGENUO. PERSONAGGI: IDA JELA ENRICO.  aSocietà San Paolo EM - Piazza San Paolo, 14 - 12051 ALBA (CN) (non commercial uses only) ® Copyright 2017 aCURATORE BENITO MUSSOLINI. PREFAZIONE CECCHI EMILIO ROMANZO. SCRITTO GIOVANILE. CARATTERISTICHE: CRISI PESSIMISTICA DELL'A. ROMANTICISMO INGENUO. PERSONAGGI: IDA JELA ENRICO.  aRACCOLTE DI CARATTERE GEN. IN ITALIANO cBK 71 a522bSI g Copie: 1 c259659d259659 0010406L_08542371aALBAbALBAd2017-01-16l0oL085-423r2017-01-16 00:00:00w2017-01-16yBKz(data import: 16 gennaio 2017) - By Epidotti, Vaglietti.